Chicago journal of international law

Detalles Bibliográficos
Autor Corporativo: University of Chicago (Estados Unidos). Law School
Formato: Desconocido
Lenguaje:inglés
Publicado: Chicago, IL : University of Chicago Law School
Materias:
Acceso en línea:Acceso restringido

MARC

LEADER 00000ny a22000003n 4500
005 20110512133123.0
006 sfr p s g 0 b0
008 100322c20uu9999us f j eng c
022 |a 1529-0816 
035 |a 4005 
040 |a SpMaUCDE  |d vLex 
090 |c 1791  |d 1791 
245 0 0 |a Chicago journal of international law  |h [Recurso electrn̤ico] 
256 |a Servicio en ln̕ea 
260 |a Chicago, IL :  |b University of Chicago Law School 
310 |a Semestral 
506 1 |a Contenido solo disponible en los productos indicados  |d vLex Global  |d vLex Global (Academic Edition, excluding Law Schools)  |d vLex Global (U.S. Academic Edition, excluding Law Schools) 
650 0 4 |a Derecho internacional  |x Publicaciones perid̤icas 
710 2 |a University of Chicago (Estados Unidos).  |b Law School 
740 0 |a vLex Revista (Servicios en ln̕ea) 
843 |a Electrn̤ica. Abierta 
853 |8 1  |i (year)  |j (month)  |k (day) 
856 4 0 |u http://vlex.com/source/4005  |z Acceso restringido 
942 |c REV 
999 0 4 |a Derecho internacional-  |v En ln̕ea